000
00354 a2200169 4500
001
47738
020
_a
9788506074749
040
_c
Anchieta - Aquarius
100
_a
Simões, Fábio
240
1
0
_a
Olelê
_l
por
245
1
0
_a
Olelê
300
_a
29
362
0
_a
2015
440
1
_a
Melhoramentos
650
4
_a
Literatura infanto-juvenil
942
_c
BK
999
_c
47738
_d
47738